000
00194 a2200097 4500
001
4748
100
_a
Jaworski,I,D
245
_a
Atomic energy
260
_a
_b
Macmillan
_c
090
_c
3941
_d
3941
942
_a
NUST-CAE
_c
M
_c
30202
999
_c
239821
_d
239821